| 000 | 00602nam 22001813 4500 | ||
|---|---|---|---|
| 001 | 198831 | ||
| 090 | _a198831 | ||
| 100 | _a20251105d u||y0pory50 ba | ||
| 200 |
_aHistória do teatro das origens aos nossos dias _fLéon Moussinac _gtradução de Mário Jacques |
||
| 210 |
_aAmadora _cLivraria Bertrand _d[s. d.] |
||
| 215 |
_a533, [5] p. _cil. ; encadernado _d24 cm |
||
| 606 |
_91790 _aTeatro. Representação teatral |
||
| 675 |
_a792 _vPT _zpor |
||
| 700 |
_914750 _aMoussinac _bLéon _f1890-1964 |
||
| 702 |
_914751 _aJacques _bMário _f1939-2015 |
||
| 801 |
_aPT _bBMMN _gRPC |
||
| 830 | _cVanda | ||
| 990 | _cLIVROS | ||